000
00244nam a22001097a 4500
082
_a
624.1834AST
100
_a
Astill A W
245
_a
Elementary structural desin in concrete to PC 110
260
_a
Edward
_c
1981
300
_a
272
942
_c
BK
999
_c
13068
_d
13068